|
|
|
|
| LEADER |
00000nam1a2200000 4500 |
| 001 |
142277 |
| 005 |
20231031142708.0 |
| 035 |
|
|
|a (RuTPU)RU\TPU\book\154186
|
| 035 |
|
|
|a RU\TPU\book\154174
|
| 090 |
|
|
|a 142277
|
| 100 |
|
|
|a 20080903d1991 k a0rusy50 ca
|
| 101 |
0 |
|
|a rus
|
| 102 |
|
|
|a RU
|
| 200 |
1 |
|
|a Сортамент черных металлов. Сортовой и фасонный прокат
|e сборник
|e в 2 ч.
|f Российская Федерация, Госстандарт России
|
| 205 |
|
|
|a официальное изд.
|
| 210 |
|
|
|a Москва
|c Изд-во стандартов
|d 1991-1992
|
| 225 |
1 |
|
|a Государственные стандарты Союза ССР
|
| 712 |
0 |
1 |
|a Российская Федерация
|b Комитет по стандартизации, метрологии и сертификации (Госстандарт России)
|c (1992-1996)
|2 stltpush
|3 (RuTPU)RU\TPU\col\12456
|
| 801 |
|
1 |
|a RU
|b 63413507
|c 20080901
|g PSBO
|
| 801 |
|
2 |
|a RU
|b 63413507
|c 20090916
|g PSBO
|
| 942 |
|
|
|c BK
|